| 000 | 00589nam a2200181Ia 4500 | ||
|---|---|---|---|
| 003 | GCL | ||
| 008 | 140319s9999 xx 000 0 ara d | ||
| 040 |
_aGCL / _cGCL |
||
| 082 | 0 | 4 |
_a813.03 _bج ح |
| 100 | 1 | _aجمال الغيطانى | |
| 245 | 1 | 0 |
_aحكايات الغريب : من ادب الحرب / _cجمال الغيطانى |
| 300 | _a147 ص | ||
| 490 |
_aكتاب مجلة الاذاعة والتلفزيون _v0 |
||
| 650 | 0 | 4 | _aالقصص العربية |
| 650 | 0 | 4 | _aالحرب والادب |
| 650 | 0 | 4 | _aالادب العربى - العصر الحديث |
| 942 |
_2ddc _cBK |
||
| 999 |
_c39927 _d39927 |
||